000 00305nam a2200133 i 4500
001 bg
100 1 _aZIMAN, J. M.
245 0 _aVycislenie Blochovskich funkcij /
_cJ.M. Ziman.
260 _aMoskva,
_c1973.
040 _cBPK
041 _apol
942 _cKS
008 s pl f |000 0 pol
999 _c26643
_d26643
856 _uhttp://koha.tu.koszalin.pl/cgi-bin/koha/opac-detail.pl?biblionumber=26643
_yKatalog online BPK